| 000 | 00957nam a22002657a 4500 | ||
|---|---|---|---|
| 003 | MX-MxUPN | ||
| 005 | 20240712012516.0 | ||
| 007 | cr |||aaa||||| | ||
| 008 | 240711s2020 sp d|||go|||| 00| 0 spa d | ||
| 020 | _a9788495891839 | ||
| 040 |
_aMX-MxUPN _bspa _cMX-MxUPN _eaacr2 |
||
| 041 | _aspa | ||
| 050 | 1 | 4 | _aLC1200 |
| 100 | 1 |
_939383 _aLópez Rupérez, Francisco, _d1949- |
|
| 100 | 1 |
_952749 _aGarcía, Isabel _q(García García) |
|
| 245 | 1 | 0 |
_aA vueltas con la equidad en educación : _buna aproximación empírica en la perspectiva de las consecuencias _h[recurso electrónico en línea] |
| 250 | _a1a edición | ||
| 260 |
_aEspaña: _bUniversidad Camilo José Cela, _c2020. |
||
| 300 |
_a1 recurso en línea (222 páginas) : _bgráficas, PDF |
||
| 506 | 0 | _aAcceso abierto. | |
| 650 | 4 |
_95002 _aIgualdad de oportunidades en educación |
|
| 856 | 4 | 0 | _uhttp://hdl.handle.net/20.500.12020/901 |
| 902 | _bMaríaRobles/110724 | ||
| 942 |
_2lcc _cLIBRO-E |
||
| 999 |
_c211492 _d211492 |
||